Cities With The Lowest Robbery Rate in The United States - Statistics

General Stats
  • This quiz has been taken 16 times
  • The average score is 7 of 10
Answer Stats
Hint Answer % Correct
206 Boston
92%
174 Denver
85%
200 Phoenix
85%
161 Portland
77%
210 Seattle
77%
102 Austin
62%
162 New York
62%
99 San Diego
54%
106 Tampa
46%
211 Las Vegas
38%
No matching quizzes found
Score Distribution
Percent of People with Each Score
Percentile by Number Answered
Your Score History
You have not taken this quiz